000 00498nam a2200205Ia 4500
003 0100
008 130307s9999 xx 000 0 und d
020 _a0195140915
040 _cARRUPELIB
050 _aJA71.C27 2001
245 _aClassics of political and moral philosophy
260 _aNew York
260 _bOxford University Press
260 _c2002.
300 _axiii
300 _b1211 p. 24 cm.
650 _aPOLITICAL SCIENCE
700 _aCahn, Steven M. (ed.)
942 0 0 _03
999 _c95907
_d95907